[Event "Titled Tuesday intern op 14th May Late"]
[Site "Chess.com INT"]
[Date "2024.05.14"]
[Round "2"]
[White "Cruz Mendez, Jean Marcos"]
[Black "Sarquis, Maria Belen"]
[Result "0-1"]
[WhiteElo "2174"]
[BlackElo "2181"]
[PlyCount "76"]
[EventDate "2024.05.14"]
[EventType "swiss (blitz)"]
[EventRounds "11"]
[EventCountry "USA"]
[SourceTitle "CB21_2024"]
[SourceDate "2024.05.22"]
[SourceVersion "1"]
[SourceVersionDate "2024.05.22"]
[SourceQuality "1"]

1. e4 e5 2. Nf3 Nc6 3. Bc4 Bc5 4. 0-0 Nf6 5. d3 d6 6. c3 a6 7. a4 Ba7 8. Nbd2 Ne7 9. Re1 Ng6 10. Nf1 0-0 11. Ng3 c6 12. Bb3 h6 13. h3 Re8 14. Be3 d5 15. Bxa7 Rxa7 16. Qc2 Ra8 17. Rad1 Be6 18. exd5 Bxd5 19. Nd2 Nf4 20. Nde4 Nh7 21. d4 Qc7 22. c4 Bxe4 23. Rxe4 exd4 24. Rdxd4 Ne6 25. Rd1 Nc5 26. Red4 Red8 27. Ba2 Rxd4 28. Rxd4 Rd8 29. Bb1 Nf6 30. Rxd8+ Qxd8 31. b4 Ne6 32. Nf5 Nd4 33. Qd3 Ne6 34. Nd6 Qb6 35. b5 cxb5 36. cxb5 Nc5 37. Qd4 Nxa4 38. Nxf7 Qxd4 0-1

[Event "Titled Tuesday intern op 14th May Late"]
[Site "Chess.com INT"]
[Date "2024.05.14"]
[Round "4"]
[White "Sarquis, Maria Belen"]
[Black "Balague Camps, Marc"]
[Result "1-0"]
[WhiteElo "2181"]
[BlackElo "2207"]
[PlyCount "135"]
[EventDate "2024.05.14"]
[EventType "swiss (blitz)"]
[EventRounds "11"]
[EventCountry "USA"]
[SourceTitle "CB21_2024"]
[SourceDate "2024.05.22"]
[SourceVersion "1"]
[SourceVersionDate "2024.05.22"]
[SourceQuality "1"]

1. e4 d5 2. exd5 Qxd5 3. Nc3 Qe5+ 4. Be2 c6 5. Nf3 Qc7 6. d4 Bg4 7. h3 Bxf3 8. Bxf3 e6 9. g3 Nf6 10. 0-0 Nbd7 11. Re1 0-0-0 12. Qe2 h5 13. Bg5 Bd6 14. Ne4 Be7 15. Bf4 Qa5 16. Nd6+ Bxd6 17. Bxd6 h4 18. g4 Nb6 19. Bh2 Rxd4 20. c3 Rd7 21. Rad1 Rhd8 22. Rxd7 Rxd7 23. Rd1 Rxd1+ 24. Qxd1 Nfd5 25. Qd4 f6 26. c4 Qb4 27. b3 Qc3 28. Qe4 Qc1+ 29. Kg2 Nc7 30. Bf4 Qc3 31. Qh7 e5 32. Qg8+ Kd7 33. Qxg7+ Kd6 34. Qxf6+ Ne6 35. Be3 Nd7 36. Qg6 a5 37. Be4 Ndc5 38. Bxc5+ Kxc5 39. Qxe6 Kd4 40. Bf3 Qb2 41. Qd6+ Kc3 42. Qxe5+ Kc2 43. Qxb2+ Kxb2 44. g5 Kxa2 45. Bd1 Kb2 46. g6 Kc1 47. g7 Kxd1 48. g8Q Kc2 49. c5 Kc3 50. Qc4+ Kb2 51. b4 a4 52. f4 a3 53. f5 a2 54. Qxa2+ Kxa2 55. f6 Kb3 56. f7 Kxb4 57. f8Q Kc4 58. Kf3 Kb5 59. Kg4 b6 60. cxb6 Kxb6 61. Qb4+ Kc7 62. Qc5 Kd7 63. Kf5 Kc7 64. Ke6 Kb7 65. Kd6 Kb8 66. Qxc6 Ka7 67. Qb5 Ka8 68. Kc7 1-0

[Event "Titled Tuesday intern op 13th Feb Late"]
[Site "Chess.com INT"]
[Date "2024.02.13"]
[Round "2"]
[White "Sarquis, Maria Belen"]
[Black "Jegorovas, Aleksandras"]
[Result "0-1"]
[WhiteElo "2168"]
[BlackElo "2270"]
[PlyCount "120"]
[EventDate "2024.02.13"]
[EventType "swiss (blitz)"]
[EventRounds "11"]
[EventCountry "USA"]
[SourceTitle "CB08_2024"]
[SourceDate "2024.02.21"]
[SourceVersion "1"]
[SourceVersionDate "2024.02.21"]
[SourceQuality "1"]

1. e4 c6 2. Nc3 d5 3. Nf3 dxe4 4. Nxe4 Nf6 5. Nxf6+ exf6 6. d4 Bd6 7. Bd3 0-0 8. 0-0 Bg4 9. h3 Bh5 10. Re1 Nd7 11. g4 Bg6 12. Nh4 Rc8 13. Nf5 Bxf5 14. Bxf5 Bb8 15. Qf3 Qc7 16. Qg2 Rcd8 17. Bd2 Nb6 18. Bb4 Rfe8 19. b3 Nd5 20. Bd2 Nf4 21. Qf3 Ne2+ 22. Rxe2 Rxe2 23. Ba5 Qh2+ 24. Kf1 Rde8 25. Bd3 R2e7 26. Bd2 Qd6 27. Be3 Bc7 28. Rd1 Bb6 29. Bc4 Bc7 30. Bc1 a6 31. a4 b5 32. axb5 cxb5 33. Bd3 Ba5 34. Bf5 Re1+ 35. Kg2 Rxd1 36. Qxd1 Bc7 37. Qf3 Qxd4 38. Be3 Qd6 39. Kf1 a5 40. Bd3 a4 41. Qf5 g6 42. Qxb5 a3 43. Qxe8+ Kg7 44. Qa4 Bd8 45. b4 Qh2 46. Qxa3 Qxh3+ 47. Ke2 Qxg4+ 48. Kd2 Be7 49. c3 h5 50. Qa5 h4 51. Qd5 h3 52. Bc4 Qe6 53. Qxe6 fxe6 54. Bxe6 h2 55. Bd5 f5 56. Bh1 g5 57. f4 g4 58. b5 g3 59. b6 Bd6 60. b7 Kg6 0-1

[Event "ARG-ch (Women) 74th"]
[Site "Buenos Aires"]
[Date "2023.11.25"]
[Round "6"]
[White "Sarquis, Maria Belen"]
[Black "Campos, Maria Jose"]
[Result "1/2-1/2"]
[WhiteElo "2194"]
[BlackElo "2208"]
[PlyCount "104"]
[EventDate "2023.11.20"]
[EventType "swiss"]
[EventRounds "9"]
[EventCountry "ARG"]
[SourceTitle "CB49_2023"]
[SourceDate "2023.12.06"]
[SourceVersion "1"]
[SourceVersionDate "2023.12.06"]
[SourceQuality "1"]

1. e4 e5 2. Nf3 Nc6 3. Bc4 Nf6 4. d3 Bc5 5. 0-0 d6 6. c3 a5 7. Nbd2 0-0 8. h3 h6 9. Re1 Be6 10. Bb5 Qb8 11. Nf1 Qa7 12. Be3 Bxe3 13. Nxe3 Ne7 14. a4 Ng6 15. Bc4 Bxc4 16. Nxc4 Qa6 17. Qb3 Rfe8 18. g3 b6 19. Kh2 Rad8 20. Rad1 Nf8 21. Qa2 Ne6 22. d4 exd4 23. cxd4 Qa8 24. Qb1 d5 25. exd5 Qxd5 26. Nce5 Qb3 27. Qa1 c5 28. Rd3 Qd5 29. dxc5 Qxc5 30. Kg2 Rxd3 31. Nxd3 Qd5 32. Re3 Rd8 33. b4 axb4 34. Nxb4 Qc4 35. Qc3 Rc8 36. Qb2 Rd8 37. Rc3 Qe4 38. Nc6 Rd1 39. Qc2 Qxc2 40. Rxc2 Ra1 41. Ne7+ Kf8 42. Nc8 Nd7 43. Rb2 Rxa4 44. Nxb6 Nxb6 45. Rxb6 Re4 46. Rb2 g5 47. Nd2 Rd4 48. Nf3 Rd5 49. h4 Kg7 50. hxg5 hxg5 51. Rd2 Rc5 52. Nd4 Nxd4 1/2-1/2

[Event "Vicente Lopez ProAm 100 Years op"]
[Site "Buenos Aires"]
[Date "2022.10.18"]
[Round "9"]
[White "Sarquis, Maria Belen"]
[Black "Perez Novoa, Lucas"]
[Result "1-0"]
[WhiteElo "2069"]
[BlackElo "1734"]
[PlyCount "81"]
[EventDate "2022.10.11"]
[EventType "swiss"]
[EventRounds "9"]
[EventCountry "ARG"]
[SourceTitle "CBM 210 Extra"]
[Source "ChessBase"]
[SourceDate "2022.11.30"]
[SourceVersion "1"]
[SourceVersionDate "2022.11.30"]
[SourceQuality "1"]

1. e4 c5 2. Nf3 Nc6 3. Bb5 g6 4. 0-0 Bg7 5. c3 e5 6. d3 d6 7. Bxc6+ bxc6 8. h3 Nf6 9. Re1 0-0 10. d4 cxd4 11. cxd4 exd4 12. Nxd4 Qb6 13. Nb3 d5 14. Be3 Qc7 15. exd5 Nxd5 16. Bd4 Bd7 17. Bxg7 Kxg7 18. Qd4+ Kg8 19. Nc3 Nxc3 20. Qxc3 Be6 21. Nd4 Bd5 22. Nc2 a5 23. Red1 Rfd8 24. b3 c5 25. Ne3 Be6 26. Rdc1 Rac8 27. Rc2 a4 28. bxa4 Qa7 29. a5 Qa6 30. Rd1 Rxd1+ 31. Nxd1 Ra8 32. Rb2 h5 33. Rb6 Qe2 34. Nb2 Bxa2 35. a6 Kh7 36. a7 Rxa7 37. Rb8 f6 38. Qxf6 Rg7 39. Qf8 Qe1+ 40. Kh2 Qe5+ 41. f4 1-0

[Event "Vicente Lopez ProAm 100 Years op"]
[Site "Buenos Aires"]
[Date "2022.10.17"]
[Round "8"]
[White "Moreno Perez, Tobias Sebastian"]
[Black "Sarquis, Maria Belen"]
[Result "1-0"]
[WhiteElo "2260"]
[BlackElo "2069"]
[PlyCount "67"]
[EventDate "2022.10.11"]
[EventType "swiss"]
[EventRounds "9"]
[EventCountry "ARG"]
[SourceTitle "CBM 210 Extra"]
[Source "ChessBase"]
[SourceDate "2022.11.30"]
[SourceVersion "1"]
[SourceVersionDate "2022.11.30"]
[SourceQuality "1"]

1. Nf3 Nf6 2. c4 e6 3. g3 d5 4. Bg2 Be7 5. 0-0 0-0 6. d4 dxc4 7. Ne5 Nc6 8. Nxc6 bxc6 9. Na3 Bxa3 10. bxa3 Ba6 11. Qa4 Qc8 12. Rb1 Bb5 13. Qc2 Rd8 14. a4 Ba6 15. Bxc6 Rb8 16. Ba3 Rb6 17. Bg2 Nd7 18. Rfd1 c6 19. Rbc1 Re8 20. Bc5 Rb7 21. Qe4 Rb2 22. Bxa7 Rxa2 23. Ra1 Rxa1 24. Rxa1 Qb7 25. Bc5 Nxc5 26. dxc5 Rb8 27. Rd1 c3 28. Qd4 h6 29. Qxc3 Bxe2 30. Re1 Bg4 31. Be4 Bh3 32. Rd1 h5 33. Qe5 Bg4 34. Rb1 1-0

[Event "Vicente Lopez ProAm 100 Years op"]
[Site "Buenos Aires"]
[Date "2022.10.11"]
[Round "1"]
[White "Sarquis, Maria Belen"]
[Black "Flores, Diego"]
[Result "0-1"]
[WhiteElo "2069"]
[BlackElo "2547"]
[PlyCount "86"]
[EventDate "2022.10.11"]
[EventType "swiss"]
[EventRounds "9"]
[EventCountry "ARG"]
[SourceTitle "CBM 210 Extra"]
[Source "ChessBase"]
[SourceDate "2022.11.30"]
[SourceVersion "1"]
[SourceVersionDate "2022.11.30"]
[SourceQuality "1"]

1. e4 c5 2. Nf3 e6 3. d3 Nc6 4. Qe2 g6 5. g3 Bg7 6. Bg2 Nge7 7. 0-0 0-0 8. e5 d6 9. exd6 Qxd6 10. Nc3 b6 11. Bf4 Qd7 12. Ne5 Bxe5 13. Bxe5 f6 14. Bf4 Nd4 15. Qd2 Bb7 16. f3 Nef5 17. Rae1 Rad8 18. Qf2 Kg7 19. a4 Rf7 20. b3 e5 21. Be3 Re7 22. a5 Bc6 23. Kh1 h5 24. Bc1 h4 25. g4 h3 26. Bxh3 Bxf3+ 27. Bg2 Bxg4 28. Nd5 Re6 29. Ne3 Nxe3 30. Rxe3 Rh8 31. Rg3 Rd6 32. Re1 Qf5 33. Qd2 Nf3 34. Bxf3 Bxf3+ 35. Kg1 Rd4 36. Qf2 Rg4 37. Re3 Rxg3+ 38. Qxg3 Rh3 39. Qf2 Qg4+ 40. Kf1 Qh5 41. Kg1 g5 42. axb6 axb6 43. Bd2 g4 0-1

[Event "Olympiad Women-44"]
[Site "Chennai"]
[Date "2022.07.30"]
[Round "2.4"]
[White "Sarquis, Maria Belen"]
[Black "Bhakti, Kulkarni"]
[Result "0-1"]
[WhiteElo "2072"]
[BlackElo "2373"]
[PlyCount "88"]
[EventDate "2022.07.29"]
[EventType "team-swiss"]
[EventRounds "11"]
[EventCountry "IND"]
[SourceTitle "CBM 210"]
[Source "ChessBase"]
[SourceDate "2022.10.31"]
[SourceVersion "1"]
[SourceVersionDate "2022.10.31"]
[SourceQuality "1"]
[WhiteTeam "Argentina (W)"]
[BlackTeam "India (W)"]
[WhiteTeamCountry "ARG"]
[BlackTeamCountry "IND"]

1. e4 e5 2. Nf3 Nc6 3. Bc4 Nf6 4. d3 h6 5. c3 d6 6. 0-0 g5 7. Re1 Bg7 8. Bb3 Qe7 9. Na3 Be6 10. Nc4 g4 11. Nfd2 Qd7 12. Ne3 h5 13. Ndf1 0-0-0 14. Ba4 d5 15. exd5 Nxd5 16. Nc4 f6 17. Qe2 Bf5 18. d4 exd4 19. cxd4 Ndb4 20. Na5 Bd3 21. Bxc6 bxc6 22. Qd1 Qxd4 23. Qb3 Qb6 24. Bd2 c5 25. Bxb4 cxb4 26. Nc4 Qb5 27. Rac1 Bh6 28. Nce3 Rd7 29. Qe6 f5 30. Red1 Kb8 31. Rc5 Qxc5 32. Qxd7 Be4 33. Nd5 h4 34. Nf6 Bc6 35. Qe6 Bf4 36. Nd7+ Bxd7 37. Qxd7 g3 38. Qd4 gxf2+ 39. Qxf2 Bd6 40. Rd2 Re8 41. Rc2 Qd5 42. b3 h3 43. g3 Re5 44. Rd2 Qc6 0-1

[Event "Olympiad Women-44"]
[Site "Chennai"]
[Date "2022.07.29"]
[Round "1.3"]
[White "Sarquis, Maria Belen"]
[Black "Banda, Tapiwa"]
[Result "1-0"]
[WhiteElo "2072"]
[BlackElo "1238"]
[PlyCount "59"]
[EventDate "2022.07.29"]
[EventType "team-swiss"]
[EventRounds "11"]
[EventCountry "IND"]
[SourceTitle "CBM 210"]
[Source "ChessBase"]
[SourceDate "2022.10.31"]
[SourceVersion "1"]
[SourceVersionDate "2022.10.31"]
[SourceQuality "1"]
[WhiteTeam "Argentina (W)"]
[BlackTeam "Malawi (W)"]
[WhiteTeamCountry "ARG"]
[BlackTeamCountry "MWI"]

1. e4 e5 2. Nf3 d6 3. d4 f6 4. Bc4 Nc6 5. c3 Na5 6. Bd3 a6 7. Qa4+ c6 8. b4 b5 9. Qxa5 Qxa5 10. bxa5 Be7 11. Nbd2 Be6 12. 0-0 Bd8 13. Nb3 Bc4 14. Rd1 Ne7 15. Be3 Bc7 16. Bf1 d5 17. dxe5 Bxb3 18. axb3 dxe4 19. exf6 exf3 20. fxe7 Kxe7 21. Bc5+ Kf7 22. Rd7+ Ke6 23. Rxc7 g6 24. Rd1 Rad8 25. Rxc6+ Kf7 26. Rxd8 Rxd8 27. Rd6 Rxd6 28. Bxd6 Ke6 29. Bb4 Kd5 30. c4+ 1-0

[Event "Titled Tuesday intern op 07th Jun Late"]
[Site "Chess.com INT"]
[Date "2022.06.07"]
[Round "6"]
[White "Keller, Peter1111"]
[Black "Sarquis, Maria Belen"]
[Result "1-0"]
[WhiteElo "2377"]
[BlackElo "2072"]
[PlyCount "127"]
[EventDate "2022.06.07"]
[EventType "swiss (blitz)"]
[EventRounds "11"]
[EventCountry "USA"]
[SourceTitle "CBM 208 Extra"]
[Source "ChessBase"]
[SourceDate "2022.07.31"]
[SourceVersion "1"]
[SourceVersionDate "2022.07.31"]
[SourceQuality "1"]

1. d4 Nf6 2. Nf3 e6 3. Bf4 d5 4. e3 Bd6 5. Bg3 0-0 6. c4 c6 7. Nc3 Qc7 8. Bd3 Nbd7 9. Rc1 a6 10. b3 Re8 11. Bb1 h6 12. Qd3 Bxg3 13. hxg3 e5 14. dxe5 Nxe5 15. Nxe5 Qxe5 16. cxd5 cxd5 17. Rh4 Be6 18. Qd4 Qg5 19. Qf4 Rac8 20. Qxg5 hxg5 21. Rd4 Rc7 22. Ne2 Rec8 23. Rxc7 Rxc7 24. Kd2 Kf8 25. f3 Ne8 26. Nc3 Nf6 27. g4 Ke7 28. Ne2 Rd7 29. Ng3 g6 30. Ne2 Ne8 31. Rd3 Nc7 32. Nd4 Rd6 33. Rc3 Kd7 34. a4 Rb6 35. a5 Rd6 36. Bd3 Ne8 37. b4 Ke7 38. Nb3 Rc6 39. Rxc6 bxc6 40. Bxa6 Nc7 41. Bd3 Bc8 42. Nc5 Kd6 43. Kc3 Na8 44. Kd4 Nc7 45. Be2 f5 46. gxf5 gxf5 47. f4 g4 48. g3 Nb5+ 49. Bxb5 cxb5 50. Nd3 Bb7 51. Ne5 Bc8 52. Nf7+ Ke6 53. Ne5 Kd6 54. Nd3 Bb7 55. Nc5 Ba8 56. a6 Bc6 57. a7 Ba8 58. Nd3 Kc7 59. Ke5 Kb6 60. Kxf5 Kxa7 61. Kxg4 d4 62. exd4 Kb6 63. Kf5 Be4+ 64. Kxe4 1-0

[Event "Titled Tuesday intern op 07th Jun Late"]
[Site "Chess.com INT"]
[Date "2022.06.07"]
[Round "5"]
[White "Sarquis, Maria Belen"]
[Black "Vujic, Mihailo"]
[Result "1-0"]
[WhiteElo "2072"]
[BlackElo "2311"]
[PlyCount "57"]
[EventDate "2022.06.07"]
[EventType "swiss (blitz)"]
[EventRounds "11"]
[EventCountry "USA"]
[SourceTitle "CBM 208 Extra"]
[Source "ChessBase"]
[SourceDate "2022.07.31"]
[SourceVersion "1"]
[SourceVersionDate "2022.07.31"]
[SourceQuality "1"]

1. e4 e5 2. Nf3 Nc6 3. Bc4 Nf6 4. d3 Be7 5. c3 0-0 6. 0-0 d6 7. a4 Kh8 8. Nbd2 Ng8 9. d4 f5 10. exf5 d5 11. Bb5 e4 12. Ne5 Nxe5 13. dxe5 Bxf5 14. f3 Bc5+ 15. Kh1 c6 16. Be2 Qh4 17. fxe4 Bxe4 18. Bf3 Nh6 19. Qe2 Bxf3 20. Nxf3 Qh5 21. Bxh6 Qxh6 22. b4 Be7 23. a5 a6 24. Nd4 g6 25. Ne6 Rxf1+ 26. Rxf1 Re8 27. Qf2 g5 28. Qf7 Qg6 29. Nc7 1-0

[Event "Titled Tuesday intern op 18th Jan"]
[Site "Chess.com INT"]
[Date "2022.01.18"]
[Round "6"]
[White "Desideri, Ricardo Maruchi"]
[Black "Sarquis, Maria Belen"]
[Result "0-1"]
[WhiteElo "1939"]
[BlackElo "2102"]
[PlyCount "66"]
[EventDate "2022.01.18"]
[EventType "swiss (blitz)"]
[EventRounds "11"]
[EventCountry "USA"]
[SourceTitle "CBM 206 Extra"]
[Source "ChessBase"]
[SourceDate "2022.03.31"]
[SourceVersion "1"]
[SourceVersionDate "2022.03.31"]
[SourceQuality "1"]

1. e4 c6 2. d4 d5 3. e5 Bf5 4. h4 h6 5. g4 Be4 6. f3 Bh7 7. e6 fxe6 8. Bd3 Nf6 9. Bxh7 Rxh7 10. Qd3 Kf7 11. h5 Kg8 12. Nh3 Nbd7 13. Bf4 c5 14. Nd2 Rc8 15. c3 cxd4 16. cxd4 Qa5 17. 0-0 e5 18. dxe5 Nc5 19. Qd4 Ne6 20. Qf2 Nd7 21. Be3 Rc2 22. Rfc1 Rxb2 23. Rab1 Qxa2 24. Rxb2 Qxb2 25. Rc8 d4 26. Bf4 a5 27. g5 hxg5 28. Bxg5 Qa3 29. h6 gxh6 30. Nc4 Qa1+ 31. Kg2 hxg5 32. Qc2 Qc3 33. Qg6+ Ng7 0-1

[Event "Titled Tuesday intern op 11th Jan"]
[Site "Chess.com INT"]
[Date "2022.01.11"]
[Round "4"]
[White "Sarquis, Maria Belen"]
[Black "Bures, Vit"]
[Result "1-0"]
[WhiteElo "2102"]
[BlackElo "2121"]
[PlyCount "41"]
[EventDate "2022.01.11"]
[EventType "swiss (blitz)"]
[EventRounds "11"]
[EventCountry "USA"]
[SourceTitle "CBM 206 Extra"]
[Source "ChessBase"]
[SourceDate "2022.03.31"]
[SourceVersion "1"]
[SourceVersionDate "2022.03.31"]
[SourceQuality "1"]

1. e4 e5 2. Nf3 Nc6 3. Bc4 Bc5 4. c3 Nf6 5. d3 0-0 6. Bb3 d5 7. exd5 Nxd5 8. 0-0 Bf5 9. Nxe5 Nxe5 10. d4 Bg4 11. Qe1 Nf3+ 12. gxf3 Bxf3 13. dxc5 Re8 14. Qd2 Re6 15. Bc2 Qh4 16. Qg5 Qc4 17. Nd2 Qe2 18. Nxf3 Qxf3 19. Qg2 Qf6 20. Qxd5 Rd8 21. Qg5 1-0

[Event "Titled Tuesday intern op 07th Sept"]
[Site "Chess.com INT"]
[Date "2021.09.07"]
[Round "3"]
[White "Sarquis, Maria Belen"]
[Black "Pajeken, Jakob Leon"]
[Result "0-1"]
[WhiteElo "2104"]
[BlackElo "2387"]
[PlyCount "84"]
[EventDate "2021.09.07"]
[EventType "swiss (blitz)"]
[EventRounds "11"]
[EventCountry "USA"]
[SourceTitle "EXT 2022"]
[Source "ChessBase"]
[SourceDate "2021.10.06"]
[SourceVersion "1"]
[SourceVersionDate "2021.10.06"]
[SourceQuality "1"]

1. e4 d6 2. d4 Nf6 3. Nc3 e5 4. dxe5 dxe5 5. Qxd8+ Kxd8 6. Nf3 Nbd7 7. h3 h6 8. Be3 c6 9. 0-0-0 Bb4 10. Bd3 Re8 11. Nh4 Ke7 12. a3 Bxc3 13. bxc3 Kf8 14. Nf5 a6 15. f3 c5 16. g4 Re6 17. h4 Ne8 18. Bc4 Rg6 19. g5 b5 20. Bd5 Rb8 21. h5 Rxg5 22. Bxg5 hxg5 23. h6 gxh6 24. Rxh6 Ndf6 25. Rdh1 Bxf5 26. exf5 Nxd5 27. Rd1 Ne3 28. Rd7 Nxf5 29. Rxa6 Kg7 30. Raa7 Ned6 31. Rac7 c4 32. Rc5 Re8 33. Rd5 e4 34. fxe4 Rxe4 35. Kb2 g4 36. Rd1 g3 37. a4 bxa4 38. Ka3 Rg4 39. Kxa4 g2 40. Rg1 Kf6 41. Kb4 Ke6 42. Ra7 Nh4 0-1